The noble scholar, jurist, historian


 His Excellency Dr. Abdul Wahhab bin Ibrahim Abu Sulaiman, may Allah have mercy on him.


 He was born in Umm Al-Qura in the year 1356 AH.

منية الطالبين في تفسير القرآن المبين: (Record no. 2360)

MARC details
000 -LEADER
fixed length control field 01260cam a22002891i 4500
003 - CONTROL NUMBER IDENTIFIER
control field SA-RiAUC
005 - DATE AND TIME OF LATEST TRANSACTION
control field 20241114072104.0
008 - FIXED-LENGTH DATA ELEMENTS--GENERAL INFORMATION
fixed length control field 241114s2007 ir g 000 0 ara c
020 ## - INTERNATIONAL STANDARD BOOK NUMBER
International Standard Book Number 9789643575106
040 ## - CATALOGING SOURCE
Original cataloging agency MA-HhKAF
Language of cataloging ara
Transcribing agency SA-RiAUC.
Description conventions rda
072 #7 - SUBJECT CATEGORY CODE
Subject category code MAI
082 04 - DEWEY DECIMAL CLASSIFICATION NUMBER
Classification number 228.12
090 ## - LOCALLY ASSIGNED LC-TYPE CALL NUMBER (OCLC); LOCAL CALL NUMBER (RLIN)
Classification number (OCLC) (R) ; Classification number, CALL (RLIN) (NR) 228.12
Local cutter number (OCLC) ; Book number/undivided call number, CALL (RLIN) س ب ح
100 1# - MAIN ENTRY--PERSONAL NAME
Personal name السبحاني، جعفر،
Dates associated with a name 1929-
Relator term مؤلف.
245 12 - TITLE STATEMENT
Title منية الطالبين في تفسير القرآن المبين:
Remainder of title تفسير علمي أدبي يحتوي على أبحاث كلامية و عقائدية و تاريخية و روائية /
Statement of responsibility, etc. تأليف آية الله جعفر السبحاني.
264 #1 - PRODUCTION, PUBLICATION, DISTRIBUTION, MANUFACTURE, AND COPYRIGHT NOTICE
Place of production, publication, distribution, manufacture قم، إيران :
Name of producer, publisher, distributor, manufacturer مؤسسة الإمام الصادق،
Date of production, publication, distribution, manufacture, or copyright notice 2015
300 ## - PHYSICAL DESCRIPTION
Extent مجلد( اجزاء) ؛
Dimensions 24 سم
336 ## - CONTENT TYPE
Content type term نص
Content type code txt
Source rdacontent
Materials specified كتاب
337 ## - MEDIA TYPE
Media type term بدون وسيط
Media type code n
Source rdamedia
338 ## - CARRIER TYPE
Carrier type term مجلد
Carrier type code nc
Source rdacarrier
500 ## - GENERAL NOTE
General note تفسير علمي أدبي يحتوي على أبحاث كلامية و عقائدية و تاريخية و روائية
630 27 - SUBJECT ADDED ENTRY--UNIFORM TITLE
Uniform title القرآن
General subdivision تفاسير الشيعة
Source of heading or term aucut
630 27 - SUBJECT ADDED ENTRY--UNIFORM TITLE
Uniform title القرآن
General subdivision قصص
Source of heading or term aucut
730 22 - ADDED ENTRY--UNIFORM TITLE
Uniform title القرآن
942 ## - ADDED ENTRY ELEMENTS (KOHA)
Source of classification or shelving scheme Dewey Decimal Classification
Koha item type Books
949 ## - LOCAL PROCESSING INFORMATION (OCLC)
a SA-JeALM
d 241114
u khaled123
n 1
Holdings
Withdrawn status Lost status Source of classification or shelving scheme Materials specified (bound volume or other part) Damaged status Not for loan Home library Current library Date acquired Total checkouts Full call number Barcode Date last seen Price effective from Koha item type
    Dewey Decimal Classification الجزء الثاني و العشرون     DR AbdElwahab Library DR AbdElwahab Library 11/14/2024   228.12 س ب ح 000003675 11/14/2024 11/14/2024 Books
    Dewey Decimal Classification الجزء الثالث و العشرون     DR AbdElwahab Library DR AbdElwahab Library 11/14/2024   228.12 س ب ح 000003676 11/14/2024 11/14/2024 Books
    Dewey Decimal Classification الجزء الخامس و العشرون     DR AbdElwahab Library DR AbdElwahab Library 11/14/2024   228.12 س ب ح 000003677 11/14/2024 11/14/2024 Books
    Dewey Decimal Classification الجزء السادس و العشرون     DR AbdElwahab Library DR AbdElwahab Library 11/14/2024   228.12 س ب ح 000003678 11/14/2024 11/14/2024 Books
    Dewey Decimal Classification الجزء السابع و العشرون     DR AbdElwahab Library DR AbdElwahab Library 11/14/2024   228.12 س ب ح 000003679 11/14/2024 11/14/2024 Books
    Dewey Decimal Classification الجزء الثامن و العشرون     DR AbdElwahab Library DR AbdElwahab Library 11/14/2024   228.12 س ب ح 000003680 11/14/2024 11/14/2024 Books
    Dewey Decimal Classification الجزء الثامن و العشرون     DR AbdElwahab Library DR AbdElwahab Library 11/14/2024   228.12 س ب ح 000003681 11/14/2024 11/14/2024 Books
    Dewey Decimal Classification الجزء التاسع و العشرون     DR AbdElwahab Library DR AbdElwahab Library 11/14/2024   228.12 س ب ح 000003682 11/14/2024 11/14/2024 Books
    Dewey Decimal Classification الجزء الثلاثون     DR AbdElwahab Library DR AbdElwahab Library 11/14/2024   228.12 س ب ح 000003683 11/14/2024 11/14/2024 Books
    Dewey Decimal Classification الجزء الثلاثون     DR AbdElwahab Library DR AbdElwahab Library 11/14/2024   228.12 س ب ح 000003684 11/14/2024 11/14/2024 Books
    Dewey Decimal Classification الجزء التاسع و العشرون     DR AbdElwahab Library DR AbdElwahab Library 01/27/2026   228.12 س ب ح 000022648 01/27/2026 01/27/2026 Books